[Event "EUR-chT Seniors 65"]
[Site "Mali Losinj"]
[Date "2019.09.25"]
[Round "8.2"]
[White "Wademark, Helge"]
[Black "Vucenovic, Dragomir"]
[Result "0-1"]
[WhiteElo "1994"]
[BlackElo "2154"]
[PlyCount "60"]
[EventDate "2019.09.18"]
[EventType "team-swiss"]
[EventRounds "9"]
[EventCountry "CRO"]
[SourceTitle "EXT 2020"]
[Source "ChessBase"]
[SourceDate "2019.10.17"]
[SourceVersion "1"]
[SourceVersionDate "2019.10.17"]
[SourceQuality "1"]
[WhiteTeam "Sweden 65 II"]
[BlackTeam "Switzerland 65"]
[WhiteTeamCountry "SWE"]
[BlackTeamCountry "SUI"]

1. e4 e5 2. Nf3 Nc6 3. Bc4 Bc5 4. c3 Nf6 5. d4 exd4 6. e5 d5 7. Bb5 Ne4 8. cxd4 Be7 9. 0-0 0-0 10. Be3 f5 11. exf6 Bxf6 12. Bxc6 bxc6 13. Ne5 Qe8 14. Nd3 Nd6 15. b3 Nf5 16. Re1 Nxe3 17. fxe3 Qg6 18. Nc3 Bg4 19. Qd2 Rae8 20. Nf4 Qh6 21. Rf1 Bg5 22. g3 Bc8 23. Rae1 Qd6 24. Na4 h5 25. Nxh5 Rxf1+ 26. Kxf1 Bh3+ 27. Kg1 Qe6 28. Kf2 Qe4 29. Nf4 Bxf4 30. gxf4 Qg2# 0-1

[Event "EUR-chT Seniors 65"]
[Site "Mali Losinj"]
[Date "2019.09.21"]
[Round "4.5"]
[White "Van Herck, Marcel"]
[Black "Wademark, Helge"]
[Result "1-0"]
[WhiteElo "2088"]
[BlackElo "1994"]
[PlyCount "67"]
[EventDate "2019.09.18"]
[EventType "team-swiss"]
[EventRounds "9"]
[EventCountry "CRO"]
[SourceTitle "EXT 2020"]
[Source "ChessBase"]
[SourceDate "2019.10.17"]
[SourceVersion "1"]
[SourceVersionDate "2019.10.17"]
[SourceQuality "1"]
[WhiteTeam "Belgium 65"]
[BlackTeam "Sweden 65 II"]
[WhiteTeamCountry "BEL"]
[BlackTeamCountry "SWE"]

1. d4 d5 2. c4 dxc4 3. Nf3 Nf6 4. e3 Bg4 5. Bxc4 e6 6. Nbd2 Nbd7 7. Qb3 Bxf3 8. Nxf3 Nb6 9. Be2 Qd5 10. Nd2 Qxb3 11. Nxb3 Bb4+ 12. Bd2 Bxd2+ 13. Nxd2 0-0-0 14. Bf3 Rhe8 15. 0-0-0 c6 16. Ne4 Nxe4 17. Bxe4 g6 18. h4 e5 19. dxe5 Rxe5 20. Rxd8+ Kxd8 21. Rd1+ Ke7 22. Bf3 h5 23. Rd4 Rc5+ 24. Kb1 Rc4 25. Rxc4 Nxc4 26. Kc2 Ne5 27. Be2 Ng4 28. Bxg4 hxg4 29. Kd3 Ke6 30. Ke4 c5 31. Kf4 b5 32. Kxg4 c4 33. Kf3 b4 34. Ke4 1-0

[Event "EU-chT Seniors 65"]
[Site "Walbrzych"]
[Date "2018.04.21"]
[Round "8.2"]
[White "Wademark, Helge"]
[Black "Patola, Eero"]
[Result "1-0"]
[WhiteElo "2005"]
[BlackElo "1823"]
[PlyCount "143"]
[EventDate "2018.04.14"]
[EventType "team-swiss"]
[EventRounds "9"]
[EventCountry "POL"]
[SourceTitle "CBM 184 Extra"]
[Source "ChessBase"]
[SourceDate "2018.06.28"]
[SourceVersion "1"]
[SourceVersionDate "2018.06.28"]
[SourceQuality "1"]
[WhiteTeam "Sweden 65 II"]
[BlackTeam "Finland Karhut 65"]
[WhiteTeamCountry "FIN"]
[BlackTeamCountry "FIN"]

1. e4 d5 2. exd5 Nf6 3. Bb5+ Bd7 4. Bc4 b5 5. Bb3 Bg4 6. f3 Bc8 7. d4 Nxd5 8. Ne2 e6 9. 0-0 Bd6 10. Nbc3 Nxc3 11. Nxc3 0-0 12. Nxb5 Ba6 13. Bc4 Bxb5 14. Bxb5 Qh4 15. f4 Rd8 16. Qf3 c6 17. Bd3 a5 18. c3 Ra7 19. Be3 Rc7 20. Rad1 Nd7 21. g3 Qe7 22. a3 Nf6 23. f5 Rb8 24. Bc1 c5 25. fxe6 Qxe6 26. d5 Qg4 27. c4 Qxf3 28. Rxf3 Re7 29. Rff1 Ng4 30. Rde1 Rxe1 31. Rxe1 Ne5 32. Be2 f6 33. Kf2 Kf7 34. Ke3 g6 35. Kd2 Nd7 36. Kc2 Be5 37. Bd3 Rb6 38. b3 a4 39. bxa4 Ra6 40. Kb3 Rb6+ 41. Ka2 Ra6 42. Bc2 Nb6 43. Bb3 Nxa4 44. Bxa4 Rxa4 45. Re4 Ke7 46. Bb2 Kd6 47. Bxe5+ fxe5 48. Kb3 Ra7 49. Re2 Rb7+ 50. Kc3 Ra7 51. Ra2 e4 52. a4 Ra5 53. Kd2 Ke5 54. Ke3 h5 55. h3 Kf5 56. g4+ hxg4 57. hxg4+ Ke5 58. Ra1 Ra8 59. a5 Rh8 60. a6 Rh3+ 61. Kf2 Rh2+ 62. Kg3 Rh8 63. a7 Ra8 64. Kf2 Kd4 65. d6 Kd3 66. d7 Kd2 67. Ra2+ Kd3 68. d8Q+ Rxd8 69. a8Q e3+ 70. Ke1 Rxa8 71. Rxa8 Kxc4 72. Rd8 1-0

[Event "EU-chT Seniors 65"]
[Site "Walbrzych"]
[Date "2018.04.17"]
[Round "4.2"]
[White "Wademark, Helge"]
[Black "Rantanen, Veikko J"]
[Result "1-0"]
[WhiteElo "2005"]
[BlackElo "2007"]
[PlyCount "93"]
[EventDate "2018.04.14"]
[EventType "team-swiss"]
[EventRounds "9"]
[EventCountry "POL"]
[SourceTitle "CBM 184 Extra"]
[Source "ChessBase"]
[SourceDate "2018.06.28"]
[SourceVersion "1"]
[SourceVersionDate "2018.06.28"]
[SourceQuality "1"]
[WhiteTeam "Sweden 65 II"]
[BlackTeam "Finland Turku 65"]
[WhiteTeamCountry "FIN"]
[BlackTeamCountry "FIN"]

1. e4 e6 2. d4 d5 3. Nd2 Nf6 4. e5 Nfd7 5. f4 c5 6. c3 Nc6 7. Ndf3 Qb6 8. Ne2 Be7 9. g3 cxd4 10. cxd4 0-0 11. Bh3 f5 12. 0-0 Qd8 13. Kh1 Qe8 14. Rg1 Qh5 15. Qf1 Kh8 16. Bd2 Nb6 17. b3 Bd7 18. Bg2 Rac8 19. a3 Nd8 20. Nc3 Nf7 21. Qd3 Nh6 22. Rgc1 Ng4 23. Kg1 a6 24. h3 Nh6 25. a4 Nf7 26. Ne2 Nd8 27. Ba5 Na8 28. Rxc8 Bxc8 29. Rc1 Nc6 30. Bc3 Bd7 31. Kf2 Rc8 32. Bd2 Qe8 33. g4 Bb4 34. Rxc6 Rxc6 35. Bxb4 Qc8 36. gxf5 exf5 37. Ng5 Be6 38. Nxe6 Qxe6 39. Nc3 Qh6 40. Qxf5 g6 41. Qg5 Qxg5 42. fxg5 Nc7 43. Ke2 b6 44. Kd3 a5 45. Bd6 Ne6 46. Bxd5 Nf4+ 47. Ke4 1-0

[Event "EU-chT Seniors 65"]
[Site "Walbrzych"]
[Date "2018.04.16"]
[Round "3.2"]
[White "Karppinen, Martti"]
[Black "Wademark, Helge"]
[Result "0-1"]
[WhiteElo "1894"]
[BlackElo "2005"]
[PlyCount "108"]
[EventDate "2018.04.14"]
[EventType "team-swiss"]
[EventRounds "9"]
[EventCountry "POL"]
[SourceTitle "CBM 184 Extra"]
[Source "ChessBase"]
[SourceDate "2018.06.28"]
[SourceVersion "1"]
[SourceVersionDate "2018.06.28"]
[SourceQuality "1"]
[WhiteTeam "Finland Royal Musketeers 65"]
[BlackTeam "Sweden 65 II"]
[WhiteTeamCountry "FIN"]
[BlackTeamCountry "FIN"]

1. d4 f5 2. c4 Nf6 3. g3 g6 4. Bg2 Bg7 5. Nf3 d6 6. 0-0 0-0 7. Qb3 c6 8. Nc3 Kh8 9. h4 Qc7 10. Ng5 e5 11. dxe5 dxe5 12. Qc2 h6 13. Nh3 Be6 14. b3 Nbd7 15. Ba3 Rf7 16. Rad1 Qa5 17. Bb2 Raf8 18. Rd6 Re8 19. Bc1 Bf8 20. Rdd1 Nh5 21. Bd2 Qc7 22. Bc1 Kh7 23. Bf3 Ndf6 24. Bg2 Qc8 25. Kh2 Ng4+ 26. Kg1 Qc7 27. Qd2 e4 28. Nf4 e3 29. fxe3 Nxg3 30. Rf3 Ne4 31. Nxe4 fxe4 32. Rh3 Bf5 33. Qc3 Bg7 34. Qd2 Rd7 35. Qc2 Rxd1+ 36. Qxd1 Rd8 37. Qe1 Qd6 38. Bf1 Qd1 39. Qxd1 Rxd1 40. Ba3 Ra1 41. Bc5 Rxa2 42. Rg3 b6 43. Bd4 Ra3 44. Bg2 h5 45. Nh3 Rxb3 46. Ng5+ Kg8 47. Bxg7 Kxg7 48. Bxe4 Bxe4 49. Nxe4 Rxe3 50. Rxe3 Nxe3 51. Nd6 a5 52. Kf2 Nf5 53. c5 Nxd6 54. cxd6 Kf7 0-1

[Event "EU-chT Seniors 65"]
[Site "Walbrzych"]
[Date "2018.04.14"]
[Round "1.2"]
[White "Wademark, Helge"]
[Black "Jorgensen, Jorgen"]
[Result "1/2-1/2"]
[WhiteElo "2005"]
[BlackElo "2214"]
[PlyCount "96"]
[EventDate "2018.04.14"]
[EventType "team-swiss"]
[EventRounds "9"]
[EventCountry "POL"]
[SourceTitle "CBM 184 Extra"]
[Source "ChessBase"]
[SourceDate "2018.06.28"]
[SourceVersion "1"]
[SourceVersionDate "2018.06.28"]
[SourceQuality "1"]
[WhiteTeam "Sweden 65 II"]
[BlackTeam "Denmark Norresundby 65"]
[WhiteTeamCountry "FIN"]
[BlackTeamCountry "DEN"]

1. e4 c6 2. d4 g6 3. c3 Bg7 4. Be3 d5 5. Nd2 Nf6 6. Bd3 0-0 7. Ngf3 dxe4 8. Nxe4 Nxe4 9. Bxe4 Nd7 10. 0-0 Qc7 11. Bc2 Nf6 12. Qd2 Be6 13. Bf4 Qa5 14. Be5 Bd5 15. Qe2 b5 16. b3 Qxc3 17. Bd3 Qa5 18. Rac1 Qb6 19. Rc2 a5 20. h3 a4 21. b4 a3 22. Nd2 Qd8 23. Nb3 Bxb3 24. axb3 Ra6 25. Ra1 Nd5 26. Bxg7 Kxg7 27. Qd2 Qd6 28. Rc5 Rd8 29. Be4 Qf4 30. Qxf4 Nxf4 31. Bxc6 Ne2+ 32. Kf1 Nxd4 33. Bxb5 Rb6 34. Bc4 Rxb4 35. Rxa3 Rdb8 36. Rc7 Kf6 37. Raa7 Re8 38. Rab7 Rxb7 39. Rxb7 Ra8 40. g3 Ra2 41. Rb6+ e6 42. Rb7 Nf3 43. Kg2 Ne1+ 44. Kf1 Nf3 45. Kg2 Nd2 46. Bd3 Ra3 47. Bc2 Ra2 48. Bd3 Ra3 1/2-1/2

[Event "WchT Seniors 50"]
[Site "Radebeul"]
[Date "2016.07.02"]
[Round "7.16"]
[White "Wademark, Helge"]
[Black "Kainz, Josef"]
[Result "0-1"]
[WhiteElo "2067"]
[BlackElo "1877"]
[PlyCount "60"]
[EventDate "2016.06.26"]
[EventType "team-swiss"]
[EventRounds "9"]
[EventCountry "GER"]
[SourceTitle "CBM 173 Extra"]
[Source "ChessBase"]
[SourceDate "2016.08.29"]
[SourceVersion "1"]
[SourceVersionDate "2016.08.29"]
[SourceQuality "1"]
[WhiteTeam "Sweden"]
[BlackTeam "Graz"]
[WhiteTeamCountry "SWE"]
[BlackTeamCountry "AUT"]

1. e4 c5 2. Nc3 Nc6 3. f4 g6 4. Nf3 Bg7 5. Bb5 Nd4 6. Nxd4 cxd4 7. Ne2 Qb6 8. a4 Nf6 9. d3 0-0 10. Bc4 e5 11. Bb3 Qc5 12. fxe5 Ng4 13. h3 Nxe5 14. Bd2 d6 15. Bd5 Be6 16. Bxb7 Rab8 17. b4 Qb6 18. Bd5 Bxd5 19. exd5 Rbe8 20. 0-0 Nc4 21. Rb1 Ne3 22. Bxe3 Rxe3 23. Nf4 Rfe8 24. Qg4 Qc7 25. Rf2 Qe7 26. Kh2 h5 27. Qd1 Qg5 28. Qf1 Qg3+ 29. Kh1 Be5 30. h4 Bxf4 0-1

[Event "WchT Seniors 50"]
[Site "Radebeul"]
[Date "2016.06.29"]
[Round "4.2"]
[White "Wademark, Helge"]
[Black "Ianov, Viktor"]
[Result "0-1"]
[WhiteElo "2067"]
[BlackElo "2324"]
[PlyCount "78"]
[EventDate "2016.06.26"]
[EventType "team-swiss"]
[EventRounds "9"]
[EventCountry "GER"]
[SourceTitle "CBM 173 Extra"]
[Source "ChessBase"]
[SourceDate "2016.08.29"]
[SourceVersion "1"]
[SourceVersionDate "2016.08.29"]
[SourceQuality "1"]
[WhiteTeam "Sweden"]
[BlackTeam "Obuchiw"]
[WhiteTeamCountry "SWE"]
[BlackTeamCountry "UKR"]

1. e4 d6 2. Nc3 g6 3. f4 Bg7 4. Nf3 e6 5. d4 Ne7 6. Bd3 a6 7. 0-0 b5 8. Qe1 Nbc6 9. Ne2 d5 10. e5 h5 11. c3 Bd7 12. Nh4 Nf5 13. Nxf5 exf5 14. b3 Bf8 15. Bd2 Be6 16. Kh1 Be7 17. Ng1 Kf8 18. Nf3 Kg7 19. Qe2 Na5 20. Rfc1 c6 21. Qe1 Nb7 22. h4 c5 23. g3 Qd7 24. a4 c4 25. Bc2 cxb3 26. Bxb3 Na5 27. Qd1 Nc4 28. axb5 axb5 29. Rxa8 Rxa8 30. Ra1 Qc6 31. Rxa8 Qxa8 32. Qb1 b4 33. Be1 Qa3 34. cxb4 Bxb4 35. Bxb4 Qxb4 36. Qd3 Bd7 37. Bd1 Qb2 38. Qc2 Qa1 39. Qb3 Nb2 0-1

[Event "EU-chT Seniors"]
[Site "Vienna"]
[Date "2015.07.18"]
[Round "7.15"]
[White "Wademark, Helge"]
[Black "Watzka, Horst"]
[Result "1-0"]
[WhiteElo "2080"]
[BlackElo "2234"]
[PlyCount "111"]
[EventDate "2015.07.12"]
[EventType "team-swiss"]
[EventRounds "9"]
[EventCountry "AUT"]
[SourceTitle "EXT 2018"]
[Source "ChessBase"]
[SourceDate "2017.10.13"]
[SourceVersion "1"]
[SourceVersionDate "2017.10.13"]
[SourceQuality "1"]
[WhiteTeam "Sweden II"]
[BlackTeam "Steiermark"]
[WhiteTeamCountry "SWE"]
[BlackTeamCountry "AUT"]

1. e4 c5 2. Nc3 Nc6 3. f4 g6 4. Nf3 Bg7 5. Bb5 Nd4 6. Nxd4 cxd4 7. Ne2 Qb6 8. Bd3 d5 9. e5 f6 10. exf6 Nxf6 11. a4 a6 12. a5 Qa7 13. 0-0 0-0 14. b3 Ne4 15. Bb2 Bg4 16. h3 Nc3 17. Bxc3 dxc3+ 18. Kh1 Bxe2 19. Qxe2 cxd2 20. Ra4 e5 21. Qxd2 e4 22. Be2 Rad8 23. Rb4 Qb8 24. Bxa6 Qc7 25. Rxb7 Qc3 26. Qxc3 Bxc3 27. b4 Rb8 28. Rd1 e3 29. Rxb8 Rxb8 30. Rxd5 Rxb4 31. g3 Ra4 32. Kg2 Bxa5 33. Kf3 Bd2 34. Bd3 Ra7 35. h4 Re7 36. h5 gxh5 37. Rxh5 Bc3 38. g4 Bd4 39. Rh2 h6 40. Be4 Kg7 41. c4 Bc5 42. Bd5 Ra7 43. Re2 Ra3 44. Ke4 Kf6 45. Rh2 Kg7 46. Ke5 Rd3 47. Re2 Rd1 48. Ke6 Rd4 49. Ke5 Rd3 50. f5 Rd1 51. Be4 Kf7 52. Bd5+ Kg7 53. Rg2 Ra1 54. g5 hxg5 55. Rxg5+ Kf8 56. Rg2 1-0

[Event "EU-chT Seniors"]
[Site "Vienna"]
[Date "2015.07.16"]
[Round "5.11"]
[White "Wademark, Helge"]
[Black "Baumbach, Friedrich"]
[Result "0-1"]
[WhiteElo "2080"]
[BlackElo "2197"]
[PlyCount "54"]
[EventDate "2015.07.12"]
[EventType "team-swiss"]
[EventRounds "9"]
[EventCountry "AUT"]
[SourceTitle "EXT 2018"]
[Source "ChessBase"]
[SourceDate "2017.10.13"]
[SourceVersion "1"]
[SourceVersionDate "2017.10.13"]
[SourceQuality "1"]
[WhiteTeam "Sweden II"]
[BlackTeam "DSW DBAG"]
[WhiteTeamCountry "SWE"]
[BlackTeamCountry "GER"]

1. e4 c5 2. Nc3 Nc6 3. f4 g6 4. Nf3 Bg7 5. Bb5 Nd4 6. Nxd4 cxd4 7. Ne2 Qb6 8. Bd3 Nf6 9. 0-0 d5 10. e5 Ne4 11. a4 a6 12. a5 Qa7 13. Qe1 Nc5 14. Ng3 Nxd3 15. cxd3 0-0 16. b3 b6 17. Ba3 bxa5 18. Qc1 Rb8 19. Bc5 Qd7 20. Qa3 Re8 21. Ne2 f6 22. exf6 Bxf6 23. Nxd4 Rb4 24. Nc2 Rb5 25. d4 Qb7 26. Rf3 Bf5 27. Qb2 Rxc5 0-1

[Event "EU-chT Seniors"]
[Site "Vienna"]
[Date "2015.07.15"]
[Round "4.16"]
[White "Pilz, Dieter"]
[Black "Wademark, Helge"]
[Result "0-1"]
[WhiteElo "2243"]
[BlackElo "2080"]
[PlyCount "68"]
[EventDate "2015.07.12"]
[EventType "team-swiss"]
[EventRounds "9"]
[EventCountry "AUT"]
[SourceTitle "EXT 2018"]
[Source "ChessBase"]
[SourceDate "2017.10.13"]
[SourceVersion "1"]
[SourceVersionDate "2017.10.13"]
[SourceQuality "1"]
[WhiteTeam "Voralberg"]
[BlackTeam "Sweden II"]
[WhiteTeamCountry "AUT"]
[BlackTeamCountry "SWE"]

1. e4 e6 2. Nc3 d5 3. d4 Nf6 4. Bg5 Bb4 5. Bd3 h6 6. Bxf6 Qxf6 7. Nf3 c5 8. exd5 exd5 9. 0-0 Bxc3 10. Bb5+ Kf8 11. bxc3 c4 12. Re1 Be6 13. Ne5 a6 14. Bxc4 dxc4 15. d5 Bf5 16. Rb1 b5 17. a4 Nd7 18. Nc6 Qxc3 19. Nd4 Bg6 20. axb5 axb5 21. d6 Kg8 22. Nxb5 Qxc2 23. Qf3 Kh7 24. Rbd1 Ra2 25. Nd4 Qa4 26. h3 Ra3 27. Qd5 c3 28. Nb5 c2 29. Rc1 Rb3 30. Nd4 Rd3 31. Qc6 Qxd4 32. Qxd7 Qxd6 33. Qg4 Rd4 34. Qf3 Rd8 0-1

[Event "EU-chT Seniors"]
[Site "Vienna"]
[Date "2015.07.12"]
[Round "1.14"]
[White "Wahlbom, Magnus"]
[Black "Wademark, Helge"]
[Result "1-0"]
[WhiteElo "2228"]
[BlackElo "2080"]
[PlyCount "77"]
[EventDate "2015.07.12"]
[EventType "team-swiss"]
[EventRounds "9"]
[EventCountry "AUT"]
[SourceTitle "EXT 2018"]
[Source "ChessBase"]
[SourceDate "2017.10.13"]
[SourceVersion "1"]
[SourceVersionDate "2017.10.13"]
[SourceQuality "1"]
[WhiteTeam "Sweden"]
[BlackTeam "Sweden II"]
[WhiteTeamCountry "SWE"]
[BlackTeamCountry "SWE"]

1. d4 f5 2. Nf3 Nf6 3. g3 e6 4. Bg2 Be7 5. 0-0 d5 6. c4 c6 7. b3 Nbd7 8. Ba3 0-0 9. Bxe7 Qxe7 10. Nc3 b6 11. Rc1 Ba6 12. Na4 Ne4 13. Nb2 Rac8 14. Nd3 Kh8 15. Re1 Ndf6 16. Nfe5 Bb7 17. f3 Nd6 18. c5 Nf7 19. a4 Nxe5 20. Nxe5 Nd7 21. Nxd7 Qxd7 22. Qd3 Rcd8 23. e3 Qc7 24. f4 Bc8 25. b4 Qb7 26. Qc3 Bd7 27. Re2 Rb8 28. Rb2 Rfc8 29. Bf1 h6 30. Bd3 Be8 31. Qe1 Kg8 32. Qe2 b5 33. axb5 cxb5 34. Ra2 a6 35. Rca1 Rc6 36. Ra5 Bd7 37. Qa2 Bc8 38. Bxb5 Rc7 39. Bd3 1-0

[Event "EU-chT Seniors"]
[Site "Sibenik"]
[Date "2014.04.06"]
[Round "6.13"]
[White "Wademark, Helge"]
[Black "Habershon, Paul F"]
[Result "0-1"]
[WhiteElo "2124"]
[BlackElo "2069"]
[PlyCount "156"]
[EventDate "2014.04.01"]
[EventType "team-swiss"]
[EventRounds "9"]
[EventCountry "CRO"]
[SourceTitle "CBM 159 Extra"]
[Source "ChessBase"]
[SourceDate "2014.04.24"]
[SourceVersion "1"]
[SourceVersionDate "2014.04.24"]
[SourceQuality "1"]
[WhiteTeam "Sweden Seniors III"]
[BlackTeam "England Seniors II"]
[WhiteTeamCountry "SWE"]
[BlackTeamCountry "ENG"]

1. e4 Nf6 2. e5 Nd5 3. d4 d6 4. Nf3 Bg4 5. Be2 c6 6. 0-0 Bxf3 7. Bxf3 dxe5 8. dxe5 e6 9. b3 Nd7 10. Bb2 Qc7 11. Qe2 Nf4 12. Qe4 Ng6 13. Re1 0-0-0 14. a4 Be7 15. Na3 Nh4 16. Bd1 h5 17. Nc4 Nf5 18. g3 Nb6 19. a5 Nxc4 20. Qxc4 a6 21. Bc3 Qd7 22. Bf3 Nd4 23. Be4 Nb5 24. Bb2 h4 25. Bf3 hxg3 26. hxg3 Qc7 27. Qe4 Bc5 28. b4 Bd4 29. Rab1 f5 30. Qe2 Bxb2 31. Rxb2 Nd4 32. Qe3 Nxf3+ 33. Qxf3 Rd5 34. Qe3 Rhd8 35. c4 Rd4 36. Qc1 Kb8 37. c5 Qd7 38. Qg5 Rh8 39. Kg2 Qd5+ 40. f3 Rd3 41. Rf2 Qd7 42. g4 fxg4 43. Qxg4 Rd4 44. Re4 Rd1 45. Ree2 g5 46. Qe4 Rdh1 47. Re1 Rxe1 48. Qxe1 Qh7 49. Kf1 Qd3+ 50. Kg2 Qf5 51. Re2 Qh3+ 52. Kf2 Qh2+ 53. Kf1 Qf4 54. Qc3 Rh1+ 55. Kf2 Rc1 56. Qb2 Qh2+ 57. Ke3 Qf4+ 58. Kf2 Rh1 59. Qc3 g4 60. Qd3 Qh2+ 61. Ke3 Qxe5+ 62. Kd2 Qb2+ 63. Ke3 Qe5+ 64. Kd2 Qg5+ 65. Kc3 Qf6+ 66. Kc2 gxf3 67. Rf2 Qg5 68. Rd2 Qf5 69. Qxf5 exf5 70. Rf2 Rh3 71. Kd3 Kc7 72. Ke3 Kd7 73. Rd2+ Ke7 74. Rd4 Rg3 75. Rd2 Rg2 76. Rd1 f2 77. Rf1 Ke6 78. Kf3 Rg4 0-1

[Event "EU-chT Seniors 15th"]
[Site "Dresden"]
[Date "2013.07.25"]
[Round "6"]
[White "Knaak, Joachim"]
[Black "Wademark, Helge"]
[Result "0-1"]
[WhiteElo "2197"]
[BlackElo "2080"]
[PlyCount "108"]
[EventDate "2013.07.20"]
[EventType "team-swiss"]
[EventRounds "9"]
[EventCountry "GER"]
[SourceTitle "CBM 155 Extra"]
[Source "ChessBase"]
[SourceDate "2013.08.26"]
[SourceVersion "1"]
[SourceVersionDate "2013.08.26"]
[SourceQuality "1"]
[WhiteTeam "Germany II"]
[BlackTeam "Sweden II"]
[WhiteTeamCountry "GER"]
[BlackTeamCountry "SWE"]

1. d4 d5 2. c4 c6 3. Nf3 Nf6 4. Nc3 dxc4 5. a4 Na6 6. e4 Bg4 7. Bxc4 e6 8. Be3 Nb4 9. 0-0 Be7 10. a5 0-0 11. Bb3 Qc7 12. Qe2 Rfd8 13. Rfd1 Bh5 14. Bg5 h6 15. Be3 Rac8 16. h3 Bf8 17. g3 Nd7 18. Bf4 Bd6 19. e5 Be7 20. g4 Bg6 21. Bg3 b6 22. axb6 Qxb6 23. Bc4 c5 24. d5 exd5 25. Nxd5 Nxd5 26. Rxd5 Nf8 27. Ra6 Qb7 28. Rxd8 Rxd8 29. Ra4 Ne6 30. Bxe6 fxe6 31. Nh4 Bd3 32. Qf3 Qxb2 33. Ng2 Qb6 34. Ra1 c4 35. Nf4 a5 36. Rd1 Qb3 37. Nxe6 Rc8 38. Nd4 Qb2 39. Qd5+ Kh7 40. Nf5 Bxf5 41. gxf5 Rd8 42. Qf3 Rxd1+ 43. Qxd1 c3 44. Bf4 c2 45. Qd2 Bg5 46. Qd6 c1Q+ 47. Bxc1 Qxc1+ 48. Kg2 Qc8 49. Qg6+ Kg8 50. f6 Qf8 51. Kg3 Bd2 52. f4 Qf7 53. Qg4 Kh7 54. e6 Qxf6 0-1

[Event "EU-chT Seniors 15th"]
[Site "Dresden"]
[Date "2013.07.24"]
[Round "5"]
[White "Wademark, Helge"]
[Black "Staub, Gerhard"]
[Result "1-0"]
[WhiteElo "2080"]
[BlackElo "2097"]
[PlyCount "75"]
[EventDate "2013.07.20"]
[EventType "team-swiss"]
[EventRounds "9"]
[EventCountry "GER"]
[SourceTitle "CBM 155 Extra"]
[Source "ChessBase"]
[SourceDate "2013.08.26"]
[SourceVersion "1"]
[SourceVersionDate "2013.08.26"]
[SourceQuality "1"]
[WhiteTeam "Sweden II"]
[BlackTeam "Eppingen"]
[WhiteTeamCountry "SWE"]
[BlackTeamCountry "GER"]

1. e4 c5 2. Nc3 Nc6 3. f4 a6 4. Nf3 g6 5. a4 Bg7 6. Bc4 e6 7. d3 Nge7 8. Ba2 0-0 9. 0-0 d5 10. Qe1 Nb4 11. Bb1 b6 12. Nd1 dxe4 13. dxe4 Bb7 14. Nf2 Qc7 15. c3 Nbc6 16. Ng4 Rad8 17. Qh4 f6 18. e5 Nf5 19. Bxf5 exf5 20. exf6 fxg4 21. fxg7 Qxg7 22. Qxg4 Ne7 23. a5 Bc8 24. Qg3 b5 25. Qf2 c4 26. Be3 Nf5 27. Bc5 Rfe8 28. Ne5 Bb7 29. Rad1 Ba8 30. Bb6 Rxd1 31. Rxd1 Qb7 32. Rd2 Qe4 33. Re2 Qd5 34. h3 g5 35. Kh2 h5 36. Rd2 Qe4 37. Nd7 Re6 38. Nc5 1-0

[Event "EU-chT Seniors 15th"]
[Site "Dresden"]
[Date "2013.07.22"]
[Round "3"]
[White "Wademark, Helge"]
[Black "Barz, Hans Werner"]
[Result "1-0"]
[WhiteElo "2080"]
[BlackElo "1974"]
[PlyCount "91"]
[EventDate "2013.07.20"]
[EventType "team-swiss"]
[EventRounds "9"]
[EventCountry "GER"]
[SourceTitle "CBM 155 Extra"]
[Source "ChessBase"]
[SourceDate "2013.08.26"]
[SourceVersion "1"]
[SourceVersionDate "2013.08.26"]
[SourceQuality "1"]
[WhiteTeam "Sweden II"]
[BlackTeam "Dresden Striesen"]
[WhiteTeamCountry "SWE"]
[BlackTeamCountry "GER"]

1. e4 c5 2. Nc3 Nc6 3. f4 g6 4. Nf3 Bg7 5. Bb5 Nd4 6. Nxd4 cxd4 7. Ne2 a6 8. Bc4 e6 9. d3 Ne7 10. 0-0 d6 11. Qe1 0-0 12. Qf2 Nc6 13. a3 Qe7 14. Ng3 f5 15. exf5 gxf5 16. b4 d5 17. Bb3 Qh4 18. Bb2 Bd7 19. Rae1 Rae8 20. Kh1 Rf6 21. Qg1 Rh6 22. Rf3 Kh8 23. Ne2 Qf6 24. Rg3 Rg6 25. Rh3 Rg4 26. Qf2 e5 27. Rf1 e4 28. Bxd5 e3 29. Qe1 Qd6 30. Bf3 Rg6 31. Bh5 Ree6 32. Bxg6 Rxg6 33. Rff3 Rg4 34. Rfg3 Ne7 35. Rh5 Be8 36. Rg5 Rxg5 37. Rxg5 Bg6 38. Qa1 Nc6 39. Rg3 Kg8 40. Qf1 Kf8 41. Rh3 Qd5 42. c3 Qb3 43. Qc1 dxc3 44. Bxc3 Bxc3 45. Nxc3 e2 46. Nxe2 1-0

[Event "EU-chT Seniors"]
[Site "Rogaska Slatina"]
[Date "2012.04.03"]
[Round "8.19"]
[White "Wademark, Helge"]
[Black "Kirmas, Joachim"]
[Result "1/2-1/2"]
[WhiteElo "2096"]
[BlackElo "2050"]
[PlyCount "44"]
[EventDate "2012.03.27"]
[EventType "team-swiss"]
[EventRounds "9"]
[EventCountry "SLO"]
[SourceTitle "CBM 147 Extra"]
[Source "ChessBase"]
[SourceDate "2012.04.24"]
[SourceVersion "1"]
[SourceVersionDate "2012.04.24"]
[SourceQuality "1"]
[WhiteTeam "Sweden (Seniors) II"]
[BlackTeam "Sachsen Anhalt Seniors"]
[WhiteTeamCountry "SWE"]
[BlackTeamCountry "GER"]

1. e4 e5 2. Nf3 d6 3. Bc4 Nc6 4. c3 Na5 5. Be2 Nf6 6. 0-0 Be7 7. d3 Nc6 8. Be3 0-0 9. h3 Re8 10. Nbd2 d5 11. Qc2 h6 12. Nb3 Be6 13. Nc5 Bc8 14. Rad1 b6 15. Nb3 Bb7 16. Bc1 Bf8 17. Rfe1 Qc8 18. Nh2 dxe4 19. dxe4 Ne7 20. Ng4 Qe6 21. Nxf6+ Qxf6 22. Nd2 Ng6 1/2-1/2

[Event "EU-chT Seniors"]
[Site "Rogaska Slatina"]
[Date "2012.04.01"]
[Round "6.12"]
[White "Wademark, Helge"]
[Black "Kratschmer, Heinz"]
[Result "0-1"]
[WhiteElo "2096"]
[BlackElo "2164"]
[PlyCount "70"]
[EventDate "2012.03.27"]
[EventType "team-swiss"]
[EventRounds "9"]
[EventCountry "SLO"]
[SourceTitle "CBM 147 Extra"]
[Source "ChessBase"]
[SourceDate "2012.04.24"]
[SourceVersion "1"]
[SourceVersionDate "2012.04.24"]
[SourceQuality "1"]
[WhiteTeam "Sweden (Seniors) II"]
[BlackTeam "Steiermark (Seniors)"]
[WhiteTeamCountry "SWE"]
[BlackTeamCountry "AUT"]

1. e4 c5 2. Nc3 g6 3. f4 Bg7 4. Nf3 Nc6 5. Bb5 Nd4 6. Nxd4 cxd4 7. Ne2 Qb6 8. Bd3 d5 9. e5 f6 10. exf6 Nxf6 11. b3 0-0 12. Bb2 Ne4 13. 0-0 Bg4 14. Qe1 e5 15. Kh1 Rae8 16. fxe5 Rxf1+ 17. Qxf1 Rf8 18. Qe1 Nf2+ 19. Kg1 Bxe5 20. Ng3 Qd6 21. Nf1 Qf6 22. Be2 Qg5 23. Bxg4 Nxg4 24. h3 Nf2 25. Qxf2 Rxf2 26. Kxf2 Qf5+ 27. Kg1 Qxc2 28. Ba3 d3 29. Re1 Bd4+ 30. Kh2 Qc7+ 31. Kh1 Qf4 32. Re8+ Kg7 33. Rf8 Bf6 34. Kg1 Qd4+ 35. Ne3 Qa1+ 0-1